000 00918nam a2200277 a 4500
001 40690
003 BD-RjUL
005 20211209053251.0
008 160509m19891988enka eb 000 0 eng d
020 _a0028974719
035 _a(BD-RjUL) 40805
040 _aBD-RjUL
_beng
_cBD-RjUL
041 _aeng
082 _a320.96803
_223
_bWID 1989
100 1 _aWilliams, Gwyneth,
_d1953-
_9125185
245 1 4 _aThe dictionary of contemporary politics of Southern Africa /
_cGwyneth Williams, Brian Hackland
260 _aNew York :
_bMacmillan Publishin Company,
_c1989
300 _axi, 339 p :
_bmaps ;
_c23 cm
490 1 _aDictionaries of contemporary politics
504 _aIncludes bibliography
651 0 _aAfrica, Southern
_xPolitics and government
_y1975-1994
_9125186
700 1 _aHackland, Brian.
_9125187
830 0 _aDictionaries of contemporary politics
_9125476
942 _2ddc
_cREF
999 _c40690
_d40690